| 000 | 02125nam a2200253 4500 | ||
|---|---|---|---|
| 005 | 20250617151426.0 | ||
| 008 | 190415s2025 000 0 eng d | ||
| 040 |
_aCO-CtgCURN _bspa _ccoctgcurn |
||
| 082 | 0 |
_aINQ 2025 _bC292 |
|
| 100 | 1 | _aCaro Potes, Yary Viviani. | |
| 245 | 1 | 0 |
_aFactores sociodemográficos y clínicos asociados a mortalidad materna en el municipio de Montería : _bCórdoba entre los años 2019-2023 / _cYary Viviani Caro Potes; Carlos Jose Menco Beleño; Yulieth Vanessa Galan Quintero; Michell Dayana Castilla Acosta; Asesor: Jaime Alberto Lorduy Gomez. |
| 260 |
_aCartagena de Indias : _bCorporación Universitaria Rafael Nuñez, _c2025. |
||
| 300 | _a72 hojas. | ||
| 504 | _aTrabajo de grado (Instrumentación quirúrgica). Corporación Universitaria Rafael Nuñez. Facultad de Ciencias de la Salud. Instrumentación Quirúrgica, 2025. | ||
| 520 | _a"La mortalidad materna es un problema de salud pública que refleja desigualdades en el acceso a servicios de salud de calidad. En Colombia, la mortalidad materna es objeto de reporte obligatorio para la vigilancia. La situación se agrava en pases con sistemas de salud deficientes. El departamento de Córdoba, Colombia, enfrenta desafíos adicionales, con una razón de mortalidad materna superior a la media nacional. Los riesgos de mortalidad materna aumentan con la edad materna avanzada, falta de educación, nuliparidad y alta paridad. Las causas principales incluyen hemorragias graves, infecciones, hipertensión arterial, complicaciones en el parto y abortos peligrosos " | ||
| 650 | 0 |
_aInstrumentación quirúrgica _vTesis y disertaciones academicas. |
|
| 700 | 1 | _aMenco Beleño, Carlos José. | |
| 700 | 1 | _aGalan Quintero, Yulieth Vanessa. | |
| 700 | 1 | _aCastilla Acosta, Michell Dayana. | |
| 700 | 1 |
_aLorduy Gómez, Jaime Alberto, _eAsesor. |
|
| 856 |
_uhttps://unicurn.sharepoint.com/:b:/s/biblioteca/EVb30yrrvPdGkDiJ6z-FLo8BypInAoDBJ3TmaNqfEN6m4g?e=XtsvS3 _zClick aqui para ver el recurso en texto completo |
||
| 942 |
_2ddc _cTG _hINQ 2025 _iC292 |
||
| 999 |
_c49011 _d49011 |
||